| 000 | 00900cam a22002055a 4500 | ||
|---|---|---|---|
| 001 | L140564 | ||
| 008 | 070928s1840 xxk eng u | ||
| 035 | _a(Sirsi) u140564 | ||
| 041 | 0 | _aeng | |
| 110 | 2 | _aGeorge Robins | |
| 245 | 0 | 0 | _aParticulars and conditions of sale of a portion of the Lord Southampton's estates...situate at Highgate, Haverstock Hill and Chalk Farm adjoining the Regent's Park...the whole will be sold at auction by Mr George Robins at the Auction Mart, opposite the Bank of England on Monday 10 August 1840 |
| 260 |
_aS.l. _bs.n. _c1840 |
||
| 300 |
_a65 p. _bmaps _c39 cm. |
||
| 351 | _cSingle item | ||
| 500 | _aLibrary holds two copies. First two leaves of one copy are detached. | ||
| 650 | _aCOMMERCIAL ENERGY PERFORMANCE CERTIFICATES | ||
| 651 | 4 | _aLondon | |
| 690 | _aPROPERTY-PROPERTY ACQUISITION AND DISPOSAL-ACQUISITION AND DISPOSAL AT AUCTION | ||
| 942 | _n0 | ||
| 999 |
_c116359 _d116359 |
||